Never Getting Laid - Sabrina Carpenter (All Lyrics) - Statistics

General Stats
  • This quiz has been taken 221 times
  • The average score is 245 of 289
Answer Stats
Lyrics % Correct
I
100%
you
100%
a
99%
A
99%
of
99%
get
98%
your
98%
getting
97%
I'm
97%
laid
97%
(Laid,
97%
laid,
97%
never
97%
No
97%
not
97%
so
97%
just
96%
When
96%
when
96%
and
95%
And
95%
(And
95%
are
95%
all
94%
hope
94%
day
93%
forever
93%
(Forever,
93%
From
93%
from
93%
days
92%
some
92%
the
92%
where
92%
agoraphobia
91%
it
91%
wish
91%
Wish
91%
happiness
90%
Love
90%
same
90%
We
90%
we
90%
Baby,
89%
full
89%
sunny
89%
(Sunny
89%
were
89%
angry
88%
up?
88%
up
88%
window
88%
lifetime
86%
at
85%
At
85%
know
85%
me,
85%
why
85%
happy,
84%
On
84%
could
83%
girl
82%
you're
82%
mind
81%
pane
81%
pane)
81%
That
81%
be
80%
live
80%
mix
80%
night,
80%
who
80%
did
79%
like
79%
think
79%
to
79%
To
79%
what
79%
with
79%
big
78%
Boy,
78%
peace,
78%
Us
78%
tits
77%
yeah,
77%
didn't
76%
have
76%
is
76%
am
75%
(Am
75%
can't
75%
girls
75%
lips
75%
other
75%
drink
74%
enough
74%
right?
74%
right?)
74%
right
74%
any
73%
end
73%
need
73%
said
73%
using
73%
but
72%
How
72%
this?
72%
this
72%
bitch
70%
Call
70%
got
70%
state
70%
switch
70%
thinkin'
70%
come
69%
flip
69%
rainbow
69%
Was
69%
was
69%
way
69%
you've
69%
anyway
68%
nothing
68%
called
67%
(Called
67%
find
67%
hand
67%
lot
67%
nice
67%
nice)
67%
thought
67%
confident
66%
(Confident)
66%
fight
66%
only
66%
very
66%
(Very
66%
watch
66%
stressful,
65%
'Cause
64%
fun,
64%
given
64%
gives?
64%
quits
64%
quits)
64%
still
64%
abstinence
63%
boys
63%
crack
63%
neighboring
63%
whole
63%
hit
61%
Miller
61%
yesterday)
61%
(Ah)
58%
drift
57%
good
57%
inside
56%
'Til
56%
wander
56%
schedule
54%
Lite,
49%
mm
35%
mm)
35%
No matching quizzes found
Score Distribution
Percent of People with Each Score
Percentile by Number Answered
Your Score History
You have not taken this quiz